| 000 | 00430nam a22001817a 4500 | ||
|---|---|---|---|
| 003 | NUST - PNEC | ||
| 005 | 20170116181018.0 | ||
| 008 | 150915b xxu||||| |||| 00| 0 eng d | ||
| 020 | _a- | ||
| 040 | _cLIBRARY | ||
| 082 | _a621.389 PNEC | ||
| 100 |
_910495 _aPNEC |
||
| 245 |
_aWeapon engineering management course : SONAR _cPNEC |
||
| 250 | _a- | ||
| 260 | _c- | ||
| 650 |
_910500 _aSonar _xWE, MIS, WESMC |
||
| 942 |
_2ddc _cBK |
||
| 999 |
_c67322 _d67322 |
||